| 000 | 01162nam a2200289 a 4500 | ||
|---|---|---|---|
| 005 | 20220330083937.0 | ||
| 008 | 010619s2001 mx r 000 0 spa d | ||
| 020 | _a9707020121 | ||
| 035 | _aUPN01000108623 | ||
| 040 |
_aUPN _bspa _cUPN |
||
| 049 | _aCG | ||
| 050 | 4 |
_aLE7.2931 N2.2 _bM3.8 |
|
| 100 | 1 |
_aMaya Obé, Carlos _929197 |
|
| 245 | 1 | 0 |
_a20 años de investigación en la Universidad Pedagógica Nacional / _cCarlos Maya Obé, Irma Ramírez Ruedas, Sara Sánchez Sánchez. |
| 246 | 1 | 0 | _aVeinte años de investigación en la Universidad Pedagógica Nacional |
| 260 |
_aMéxico : _bUniversidad Pedagógica Nacional, _c2001. |
||
| 300 | _a90 p. | ||
| 440 |
_a Colección Educación (Universidad Pedagógica Nacional (México)) ; _v19 _943952 |
||
| 590 | _a(También localizas un ejemplar en el "Area de Reserva") | ||
| 590 | _aBibliografía Básica (BGTQ) | ||
| 610 | 2 | 4 | _aUNIVERSIDAD PEDAGOGICA NACIONAL (MEXICO) |
| 700 | 1 |
_aRamírez Ruedas, Irma _ecoaut. _929911 |
|
| 700 | 1 |
_aSánchez Sánchez, Sara, _ccoaut. |
|
| 830 |
_943952 _a Colección Educación (Universidad Pedagógica Nacional (México)) ; |
||
| 902 | _aLibro | ||
| 942 |
_2lcc _cLIBRO |
||
| 999 |
_c82535 _d82535 |
||